Nopea Kirjoittaminen 1-100 - Statistics

Yleistilastot
  • Tätä visaa on pelattu 1 129 kertaa
  • Keskiarvotulos 68 / 100
Vastaustilastot
# % Oikein
1
100%
2
99%
3
99%
4
99%
5
98%
6
98%
7
98%
8
98%
9
97%
10
92%
11
91%
12
91%
13
89%
14
88%
15
88%
16
88%
17
88%
21
88%
18
87%
23
87%
19
86%
20
86%
22
85%
24
85%
25
85%
27
85%
28
85%
26
84%
29
83%
30
83%
31
83%
32
82%
33
82%
34
80%
36
79%
41
79%
35
78%
37
78%
38
78%
40
78%
39
77%
44
77%
42
76%
43
76%
45
76%
46
76%
47
75%
48
75%
50
75%
49
74%
55
73%
51
72%
54
71%
52
70%
53
70%
56
69%
57
68%
58
67%
59
66%
60
66%
61
66%
62
64%
66
64%
64
63%
65
63%
63
62%
67
62%
68
59%
69
59%
70
59%
71
59%
72
56%
77
55%
73
54%
75
54%
76
54%
74
53%
78
49%
80
48%
79
47%
81
47%
82
44%
83
44%
84
44%
88
43%
85
42%
87
41%
86
40%
90
37%
89
35%
91
34%
92
34%
99
34%
93
32%
94
32%
95
32%
96
32%
98
32%
97
30%
100
28%
Ehtoja vastaavia visoja ei löytynyt
Tulosjakauma
Jokaisen tuloksen saaneiden osuus
Persentiili vastausten määrän mukaan
Tuloshistoriasi
Et ole pelannut tätä visaa